[Event "Druga liga CS - Zapad 2018"]
[Site "?"]
[Date "2018.10.05"]
[Round "8.1"]
[White "Toth, Aleksandar"]
[Black "Stojanovic, Marko"]
[Result "1-0"]
[WhiteElo "2358"]
[BlackElo "2263"]
[PlyCount "99"]
[EventDate "2018.09.07"]
[WhiteTeam "ZUPA - Aleksandrovac"]
[BlackTeam "SLOGA - Lipnicki sor"]

1. Nf3 Nf6 2. g3 d5 3. Bg2 Bg4 4. d3 c5 5. Nbd2 Nc6 6. h3 Bf5 7. c4 e6 8. Nh4
Qd7 9. cxd5 exd5 10. Nxf5 Qxf5 11. Nf3 h6 12. O-O Be7 13. Qb3 Qd7 14. Rd1 O-O
15. e4 d4 16. Bd2 Rac8 17. Rac1 Nh7 18. Re1 b6 19. h4 Rce8 20. e5 Bd8 21. Re4
Bc7 22. Rce1 Nd8 23. a4 a5 24. Qc4 Re7 25. Kh2 Rfe8 26. Bh3 Qc6 27. Bf4 Nf8 28.
h5 Nde6 29. Bd2 Nd8 30. Bf4 Qb7 31. Nh4 Nde6 32. Nf5 Rd7 33. Bd2 Qb8 34. f4 Kh7
35. Nh4 Rde7 36. Nf3 Kh8 37. Kg2 Nh7 38. Nh4 Rd7 39. Nf3 Rde7 40. Nh4 Nhf8 41.
Kg1 Qb7 42. R1e2 Rb8 43. f5 Ng5 44. Bxg5 hxg5 45. Nf3 Nh7 46. h6 gxh6 47. f6
Ree8 48. Qxf7 Rg8 49. Bf5 Bd8 50. Qh5 1-0

[Event "Druga liga CS - Zapad 2018"]
[Site "?"]
[Date "2018.10.05"]
[Round "8.1"]
[White "Bircakovic, Mile"]
[Black "Bojovic, Dusan"]
[Result "1/2-1/2"]
[WhiteElo "2214"]
[BlackElo "2237"]
[PlyCount "49"]
[EventDate "2018.09.07"]
[WhiteTeam "SLOGA - Lipnicki sor"]
[BlackTeam "ZUPA - Aleksandrovac"]

1. e4 c5 2. Nf3 Nc6 3. d4 cxd4 4. Nxd4 g6 5. Nc3 Bg7 6. Be3 Nf6 7. f3 O-O 8.
Bc4 Qa5 9. O-O d6 10. a3 Qc5 11. Bb3 Ng4 12. fxg4 Bxd4 13. Bxd4 Nxd4 14. Kh1
Nxb3 15. cxb3 Be6 16. Rc1 Qg5 17. h3 Rac8 18. Qd4 b6 19. b4 Rc4 20. Qd3 Rfc8
21. Rcd1 Qe5 22. Rf3 R4c7 23. Rd2 Bc4 24. Qe3 Be6 25. Qf2 1/2-1/2

[Event "Druga liga CS - Zapad 2018"]
[Site "?"]
[Date "2018.10.05"]
[Round "8.1"]
[White "Jovanovic, Miroslav O"]
[Black "Ilic, Zdravko"]
[Result "1/2-1/2"]
[WhiteElo "2096"]
[BlackElo "2163"]
[PlyCount "22"]
[EventDate "2018.09.07"]
[WhiteTeam "ZUPA - Aleksandrovac"]
[BlackTeam "SLOGA - Lipnicki sor"]

1. d4 Nf6 2. c4 c5 3. d5 e5 4. Nc3 d6 5. e4 Be7 6. f3 O-O 7. Be3 Nh5 8. Qd2 Nf4
9. g3 Ng6 10. Nge2 f5 11. Bg2 f4 1/2-1/2

[Event "Druga liga CS - Zapad 2018"]
[Site "?"]
[Date "2018.10.05"]
[Round "8.1"]
[White "Savic, Petar A"]
[Black "Jovanovic, Obrad"]
[Result "1-0"]
[WhiteElo "2104"]
[BlackElo "2077"]
[PlyCount "45"]
[EventDate "2018.09.07"]
[WhiteTeam "SLOGA - Lipnicki sor"]
[BlackTeam "ZUPA - Aleksandrovac"]

1. e4 c5 2. Nf3 Nc6 3. Nc3 g6 4. Bc4 Bg7 5. a3 d6 6. h3 Nf6 7. d3 O-O 8. Be3 e6
9. Ba2 a6 10. O-O b5 11. e5 dxe5 12. Bxc5 Re8 13. Re1 Qc7 14. Qc1 Nd7 15. Be3
Bb7 16. Ne2 Rac8 17. c3 Ne7 18. Nh2 f5 19. Bd2 Qc6 20. Nf3 Qd6 21. Ng5 Qxd3 22.
Bb1 Qc4 23. Ng3 1-0

[Event "Druga liga CS - Zapad 2018"]
[Site "?"]
[Date "2018.10.05"]
[Round "8.1"]
[White "Djukic, Sinisa"]
[Black "Rikalovic, Milan"]
[Result "0-1"]
[WhiteElo "2039"]
[BlackElo "2047"]
[PlyCount "120"]
[EventDate "2018.09.07"]
[WhiteTeam "ZUPA - Aleksandrovac"]
[BlackTeam "SLOGA - Lipnicki sor"]

1. d4 g6 2. e4 Bg7 3. f4 d6 4. Nf3 Bg4 5. Be2 Nf6 6. h3 Bd7 7. Nbd2 Nh5 8. Nf1
c5 9. dxc5 Qa5+ 10. c3 Qxc5 11. Be3 Qc7 12. g4 Nf6 13. Qc2 d5 14. e5 Ne4 15.
O-O-O Bc6 16. Bd4 f5 17. Bd3 e6 18. Ne3 Bh6 19. g5 Bf8 20. Bxe4 dxe4 21. Nd2
Nd7 22. Qb3 Kf7 23. Ndc4 Rg8 24. h4 Nc5 25. Bxc5 Bxc5 26. Rh2 Rad8 27. Rhd2
Rxd2 28. Rxd2 Rd8 29. Qd1 Rxd2 30. Qxd2 b5 31. Na3 Qa5 32. Nac2 Qxa2 33. Qd8
Be8 34. Qf6+ Kg8 35. c4 Qa6 36. cxb5 Bxb5 37. h5 Bxe3+ 38. Nxe3 Qc8+ 39. Kd2
gxh5 40. g6 Qe8 41. gxh7+ Kxh7 42. Nd1 Bf1 43. Nf2 Bg2 44. b4 Qd7+ 45. Kc2 e3
46. Qg5 Bf3 47. Nh3 Qd2+ 48. Kb3 Bd1+ 49. Kc4 Qd5+ 50. Kc3 Qd2+ 51. Kc4 Be2+
52. Kb3 Qd3+ 53. Kb2 Qd4+ 54. Kc2 Bd3+ 55. Kb3 Bc4+ 56. Kc2 Qd2+ 57. Kb1 Qxb4+
58. Kc2 Qb3+ 59. Kc1 Qc3+ 60. Kb1 Bd3+ 0-1

[Event "Druga liga CS - Zapad 2018"]
[Site "?"]
[Date "2018.10.05"]
[Round "8.1"]
[White "Acimovic, Radivoje"]
[Black "Djukic, Sasa"]
[Result "1-0"]
[WhiteElo "1985"]
[BlackElo "1993"]
[PlyCount "73"]
[EventDate "2018.09.07"]
[WhiteTeam "SLOGA - Lipnicki sor"]
[BlackTeam "ZUPA - Aleksandrovac"]

1. e4 Nf6 2. e5 Nd5 3. d4 d6 4. Nf3 Bg4 5. exd6 Qxd6 6. Be2 Nf4 7. O-O Nxe2+ 8.
Qxe2 c6 9. Nbd2 e6 10. c4 Nd7 11. b3 Be7 12. a4 Qc7 13. h3 Bxf3 14. Nxf3 O-O
15. Bb2 Rfe8 16. Rfe1 Rad8 17. Qc2 Nf8 18. Rad1 Ng6 19. g3 Bf6 20. b4 Rd7 21.
Rd2 Red8 22. Red1 h6 23. h4 b6 24. Bc3 Ne7 25. Kg2 c5 26. dxc5 Rxd2 27. Rxd2
Rxd2 28. Qxd2 bxc5 29. Bxf6 gxf6 30. bxc5 Qxc5 31. Qxh6 Qxc4 32. Qxf6 Nd5 33.
Qg5+ Kf8 34. h5 Qe2 35. h6 f6 36. Qg7+ Ke8 37. Qxa7 1-0

[Event "Druga liga CS - Zapad 2018"]
[Site "?"]
[Date "2018.10.05"]
[Round "8.1"]
[White "Radenkovic, Aleksa"]
[Black "Markovic, Dejan Z"]
[Result "1-0"]
[WhiteElo "2004"]
[BlackElo "1768"]
[PlyCount "99"]
[EventDate "2018.09.07"]
[WhiteTeam "ZUPA - Aleksandrovac"]
[BlackTeam "SLOGA - Lipnicki sor"]

1. e4 Nf6 2. Nc3 d5 3. e5 Nfd7 4. d4 e6 5. f4 c5 6. Nf3 Nc6 7. Be3 g6 8. Qd2
cxd4 9. Nxd4 Nxd4 10. Bxd4 a6 11. O-O-O b5 12. g4 h5 13. gxh5 Rxh5 14. Bd3 Bb7
15. Rhg1 Qh4 16. Rg2 Bc5 17. Ne2 Rh8 18. Rdg1 Qe7 19. Kb1 O-O-O 20. c3 Rh3 21.
b4 Bb6 22. Nc1 Bxd4 23. cxd4 Nb6 24. Nb3 Nc4 25. Bxc4 dxc4 26. Nc5 Rd3 27. Nxd3
Rxd4 28. Rg3 Be4 29. Kb2 Bxd3 30. a3 Qd8 31. Rd1 Re4 32. Qc3 Re2+ 33. Ka1 Qc7
34. Rc1 Bf5 35. Qf3 Re4 36. h4 Qd8 37. Rd1 Qxh4 38. Qf2 Qe7 39. Qb6 Qc7 40.
Qxa6+ Kb8 41. Qxb5+ Ka8 42. Qe8+ Kb7 43. Rd7 Re1+ 44. Kb2 Re2+ 45. Kc1 Rc2+ 46.
Kd1 c3 47. Rxc7+ Kxc7 48. Qe7+ Kc8 49. Qc5+ Kb7 50. Rxc3 1-0

[Event "Druga liga CS - Zapad 2018"]
[Site "?"]
[Date "2018.10.05"]
[Round "8.1"]
[White "Glisic, Luka"]
[Black "Micic, Aleksa"]
[Result "1/2-1/2"]
[WhiteElo "1435"]
[BlackElo "1683"]
[PlyCount "37"]
[EventDate "2018.09.07"]
[WhiteTeam "SLOGA - Lipnicki sor"]
[BlackTeam "ZUPA - Aleksandrovac"]

1. d4 Nf6 2. c4 e6 3. Nc3 Bb4 4. Nf3 d5 5. a3 Bxc3+ 6. bxc3 O-O 7. e3 Nbd7 8.
cxd5 exd5 9. c4 c6 10. Bb2 Re8 11. Bd3 b6 12. cxd5 cxd5 13. O-O Bb7 14. Rc1 a6
15. h3 b5 16. Qe2 Nb6 17. Qc2 Rc8 18. Qb3 Qd6 19. Ne5 1/2-1/2

[Event "Druga liga CS - Zapad 2018"]
[Site "?"]
[Date "2018.10.05"]
[Round "8.4"]
[White "Stojanovic, Dobrisav"]
[Black "Dimitrijevic, Milorad"]
[Result "1-0"]
[WhiteElo "2303"]
[BlackElo "2229"]
[PlyCount "121"]
[EventDate "2018.09.07"]
[WhiteTeam "PRIKO- Prijepolje"]
[BlackTeam "BAJINA BASTA - Bajina basta"]

1. d4 d5 2. c4 e6 3. Nc3 Nf6 4. Bg5 Be7 5. e3 O-O 6. Qc2 Nbd7 7. cxd5 exd5 8.
Nf3 c6 9. Bd3 h6 10. Bh4 Re8 11. O-O Ne4 12. Bxe7 Qxe7 13. Rae1 f5 14. Ne2 g6
15. Nf4 Kg7 16. h4 h5 17. Re2 Nf8 18. g3 Be6 19. Ne5 Bf7 20. Kg2 Nd7 21. Nf3
Ndf6 22. Rc1 Ng4 23. Bxe4 Qxe4 24. Nd3 Rac8 25. b4 Rcd8 26. Qc3 Kg8 27. a4 Rc8
28. Nc5 Qe7 29. Ng5 b6 30. Nd3 Qd6 31. Qe1 Re7 32. f3 Nf6 33. Nxf7 Kxf7 34. Rc3
Rec7 35. Qa1 Nd7 36. Rec2 c5 37. bxc5 bxc5 38. dxc5 Qe7 39. Qa2 Qxe3 40. Qxd5+
Qe6 41. Qd4 Nf6 42. Ne5+ Kg7 43. c6 Qd5 44. Rd3 Qxd4 45. Rxd4 Re8 46. Rc5 Ree7
47. Rd6 Rc8 48. Kf2 Rce8 49. c7 Rc8 50. Rdc6 a5 51. Kf1 Nd7 52. Nxg6 Re3 53.
Rxf5 Nf6 54. Rfxf6 Rxc7 55. Kf2 Rc3 56. Rxc7+ Rxc7 57. Ra6 Rc2+ 58. Ke3 Rc3+
59. Kf4 Rc4+ 60. Kf5 Rxa4 61. Ra7+ 1-0

[Event "Druga liga CS - Zapad 2018"]
[Site "?"]
[Date "2018.10.05"]
[Round "8.4"]
[White "Kijanovic, Igor"]
[Black "Kurcubic, Jelenko"]
[Result "1-0"]
[WhiteElo "2118"]
[BlackElo "2094"]
[PlyCount "127"]
[EventDate "2018.09.07"]
[WhiteTeam "PRIKO- Prijepolje"]
[BlackTeam "BAJINA BASTA - Bajina basta"]

1. d4 d5 2. c4 c6 3. Nf3 Nf6 4. e3 Bg4 5. Nc3 Nbd7 6. h3 Bh5 7. Be2 e6 8. O-O
Bd6 9. b3 O-O 10. Bb2 Qe7 11. Nd2 Bxe2 12. Qxe2 e5 13. dxe5 Nxe5 14. cxd5 cxd5
15. Nb5 Bc5 16. Nf3 Nc6 17. Rfd1 Rad8 18. Rac1 Ne4 19. Nbd4 Nxd4 20. Nxd4 g6
21. Nf3 Ba3 22. Rd4 Bxb2 23. Qxb2 Rd7 24. Rd3 Rfd8 25. Rcd1 Qf6 26. Qxf6 Nxf6
27. Ne5 Rc7 28. Ng4 Nxg4 29. hxg4 Rc2 30. R1d2 Rxd2 31. Rxd2 f6 32. Kf1 Kf7 33.
Ke2 Ke6 34. Rc2 Rd7 35. Kd3 Ke5 36. f4+ Kd6 37. Kd4 Re7 38. Rc8 g5 39. Rd8+ Kc6
40. Rxd5 gxf4 41. exf4 Re2 42. Rf5 Rd2+ 43. Kc4 b5+ 44. Kc3 Rxg2 45. Rxf6+ Kc5
46. Rf5+ Kc6 47. g5 a5 48. a4 Rg3+ 49. Kc2 Rg2+ 50. Kd1 bxa4 51. bxa4 Rb2 52.
Rxa5 Rb4 53. Rf5 Rxa4 54. Ke2 Kd6 55. Kf3 Ke7 56. Kg4 Ra1 57. Rb5 Ra7 58. Rb6
Kf7 59. Kh5 Ra1 60. Rb7+ Kg8 61. f5 Ra4 62. f6 Rf4 63. Rb8+ Kf7 64. Rh8 1-0

[Event "Druga liga CS - Zapad 2018"]
[Site "?"]
[Date "2018.10.05"]
[Round "8.4"]
[White "Minic, Miroslav"]
[Black "Brajovic, Miroljub"]
[Result "1/2-1/2"]
[WhiteElo "2078"]
[BlackElo "2111"]
[PlyCount "46"]
[EventDate "2018.09.07"]
[WhiteTeam "BAJINA BASTA - Bajina basta"]
[BlackTeam "PRIKO- Prijepolje"]

1. e4 d5 2. exd5 Nf6 3. d4 Nxd5 4. Nf3 c6 5. c4 Nb6 6. Be2 Bg4 7. b3 g6 8. h3
Bxf3 9. Bxf3 Bg7 10. Bb2 O-O 11. O-O Na6 12. Na3 Qc7 13. Qe2 Rad8 14. Rad1 Rfe8
15. Rfe1 Rd7 16. Bg4 e6 17. Nc2 Red8 18. Ba1 Nc8 19. Bf3 Ne7 20. g4 Qa5 21. a3
Qg5 22. Qe3 Qxe3 23. fxe3 Nc7 1/2-1/2

[Event "Druga liga CS - Zapad 2018"]
[Site "?"]
[Date "2018.10.05"]
[Round "8.4"]
[White "Djokic, Mihailo"]
[Black "Jelisavcic, Srdjan"]
[Result "1/2-1/2"]
[WhiteElo "2127"]
[BlackElo "2077"]
[PlyCount "52"]
[EventDate "2018.09.07"]
[WhiteTeam "PRIKO- Prijepolje"]
[BlackTeam "BAJINA BASTA - Bajina basta"]

1. d4 Nf6 2. Nf3 b5 3. g3 Bb7 4. Bg2 e6 5. O-O Be7 6. Re1 O-O 7. Qd3 a6 8. Bg5
Be4 9. Qd1 h6 10. Bc1 d6 11. Nbd2 Bb7 12. e4 Nbd7 13. c3 c5 14. Qe2 Qb6 15. a4
Rfc8 16. Qd3 cxd4 17. cxd4 e5 18. Nf1 exd4 19. Qxd4 Nc5 20. Nh4 Qd8 21. Ra3
bxa4 22. Nd2 Bf8 23. e5 dxe5 24. Qxd8 Rxd8 25. Bxb7 Nxb7 26. Rxa4 Nc5 1/2-1/2

[Event "Druga liga CS - Zapad 2018"]
[Site "?"]
[Date "2018.10.05"]
[Round "8.4"]
[White "Vizlina, Branisa"]
[Black "Ilic, Milenko"]
[Result "1/2-1/2"]
[WhiteElo "2031"]
[BlackElo "1839"]
[PlyCount "21"]
[EventDate "2018.09.07"]
[WhiteTeam "PRIKO- Prijepolje"]
[BlackTeam "BAJINA BASTA - Bajina basta"]

1. e4 e6 2. c4 c5 3. Nc3 Nc6 4. Nf3 Be7 5. d4 cxd4 6. Nxd4 Qb6 7. Nxc6 bxc6 8.
Be2 Nf6 9. Na4 Qc7 10. O-O c5 11. f4 1/2-1/2

[Event "Druga liga CS - Zapad 2018"]
[Site "?"]
[Date "2018.10.05"]
[Round "8.5"]
[White "Jovicic, Radosav"]
[Black "Jovanovic, Bojan V"]
[Result "1-0"]
[WhiteElo "2219"]
[BlackElo "2277"]
[PlyCount "96"]
[EventDate "2018.09.07"]
[WhiteTeam "KRUSEVAC - Krusevac"]
[BlackTeam "SMEDEREVSKI SK - Smederevo"]

1. d4 Nf6 2. Nf3 e6 3. g3 b6 4. Bg2 Bb7 5. O-O Be7 6. Re1 O-O 7. c4 c5 8. d5
exd5 9. Nh4 Ne4 10. cxd5 Bxh4 11. Bxe4 Bf6 12. Nc3 d6 13. Qc2 g6 14. h4 Nd7 15.
h5 Qe7 16. Bg2 a6 17. a4 Rae8 18. Bf4 Be5 19. Bd2 f5 20. f4 Bg7 21. e4 Bd4+ 22.
Kf1 Qg7 23. exf5 gxf5 24. Ne2 Bf6 25. Bf3 a5 26. Rab1 Ba6 27. Kg2 Kh8 28. Qxf5
Rg8 29. h6 Qxh6 30. g4 Bc8 31. Rh1 Qg7 32. g5 Nf8 33. Qc2 Qd7 34. Bc3 Bxc3 35.
Qxc3+ Qg7 36. Ng3 Re7 37. Be4 Rf7 38. Rh4 Qd4 39. Rd1 Qxc3 40. bxc3 Ng6 41.
Bxg6 Rxg6 42. Rb1 Bb7 43. c4 Ba6 44. Rc1 Rg8 45. Kh3 Re7 46. Rc3 Rge8 47. Rh6
Re3 48. Rxe3 Rxe3 1-0

[Event "Druga liga CS - Zapad 2018"]
[Site "?"]
[Date "2018.10.05"]
[Round "8.5"]
[White "Skakic, Zeljko"]
[Black "Djokic, Slavoljub"]
[Result "1-0"]
[WhiteElo "2249"]
[BlackElo "2122"]
[PlyCount "70"]
[EventDate "2018.09.07"]
[WhiteTeam "SMEDEREVSKI SK - Smederevo"]
[BlackTeam "KRUSEVAC - Krusevac"]

1. d4 c5 2. d5 Nf6 3. c4 b5 4. f3 bxc4 5. e4 d6 6. Bxc4 g6 7. Ne2 Bg7 8. O-O
O-O 9. Nbc3 Ba6 10. Bxa6 Nxa6 11. Be3 Qb6 12. Qd2 Rfb8 13. Rab1 Qa5 14. h3 Rb7
15. f4 Nd7 16. Kh1 Rab8 17. b3 Qb4 18. Qd3 Qa5 19. Na4 Nb4 20. Qd2 c4 21. Nd4
cxb3 22. axb3 Nc5 23. Nxc5 dxc5 24. Nf3 Qb5 25. Ne5 a5 26. Rbc1 Rc7 27. d6 exd6
28. Qxd6 Rbc8 29. f5 Qe8 30. Ng4 Qxe4 31. fxg6 hxg6 32. Bh6 Qd4 33. Qg3 Rc6 34.
Rc4 Qd3 35. Rf3 Qe2 1-0

[Event "Druga liga CS - Zapad 2018"]
[Site "?"]
[Date "2018.10.05"]
[Round "8.5"]
[White "Djordjevic, Gradimir"]
[Black "Stankovic, Dragan B"]
[Result "0-1"]
[WhiteElo "2003"]
[BlackElo "2229"]
[PlyCount "83"]
[EventDate "2018.09.07"]
[WhiteTeam "KRUSEVAC - Krusevac"]
[BlackTeam "SMEDEREVSKI SK - Smederevo"]

1. d4 Nf6 2. Nf3 c5 3. e3 e6 4. Bd3 d5 5. c3 Nc6 6. O-O Be7 7. Nbd2 O-O 8. h3
b6 9. Bb5 Bb7 10. a3 a6 11. Bd3 Qc7 12. Nh2 e5 13. dxe5 Nxe5 14. Be2 Rad8 15.
Ndf3 Ng6 16. Qc2 Ne4 17. c4 dxc4 18. Bxc4 b5 19. Bd3 f5 20. Be2 Bd6 21. a4 Bc6
22. axb5 axb5 23. Bxb5 Bxh2+ 24. Nxh2 Bxb5 25. Qb3+ c4 26. Qxb5 Ne5 27. Nf3
Nxf3+ 28. gxf3 Ng5 29. Kg2 Qf7 30. h4 Nxf3 31. h5 f4 32. exf4 Rd5 33. Qa4 Qxh5
34. Rh1 Qg4+ 35. Kf1 Nh2+ 36. Ke1 Qg2 37. Rxh2 Qxh2 38. Be3 Qh1+ 39. Ke2 Qe4
40. Rd1 Rxd1 41. Kxd1 Rd8+ 42. Ke2 0-1

[Event "Druga liga CS - Zapad 2018"]
[Site "?"]
[Date "2018.10.05"]
[Round "8.5"]
[White "Tomanovic, Nikola"]
[Black "Zajic, Milun"]
[Result "1-0"]
[WhiteElo "2215"]
[BlackElo "2006"]
[PlyCount "81"]
[EventDate "2018.09.07"]
[WhiteTeam "SMEDEREVSKI SK - Smederevo"]
[BlackTeam "KRUSEVAC - Krusevac"]

1. e4 d5 2. exd5 Qxd5 3. Nc3 Qd6 4. Nf3 Nf6 5. d4 Bg4 6. Be2 c6 7. O-O e6 8. h3
Bxf3 9. Bxf3 Be7 10. Be3 O-O 11. Qd2 Rd8 12. Rfd1 Na6 13. a3 Nc7 14. Bf4 Qd7
15. Qe2 Nfd5 16. Nxd5 Nxd5 17. Bd2 Bd6 18. g3 Re8 19. c4 Ne7 20. Bc3 Rad8 21.
Rd2 Bb8 22. Rad1 Qc8 23. Bg2 Nf5 24. Qf3 Nd6 25. b3 Re7 26. g4 Ne8 27. h4 e5
28. dxe5 Rxd2 29. Bxd2 Bxe5 30. Be3 a6 31. Bc5 Rc7 32. Qe4 Bc3 33. Qe3 Bb2 34.
Bh3 Qb8 35. Re1 Nf6 36. Bd6 h5 37. Qf4 Bc3 38. Bxc7 Qf8 39. Bd6 Qd8 40. Rc1 Ba5
41. Rc2 1-0

[Event "Druga liga CS - Zapad 2018"]
[Site "?"]
[Date "2018.10.05"]
[Round "8.5"]
[White "Pribanovic, Milivoje"]
[Black "Mikluc, Davorin"]
[Result "*"]
[WhiteElo "1871"]
[BlackElo "2154"]
[PlyCount "120"]
[EventDate "2018.09.07"]
[WhiteTeam "KRUSEVAC - Krusevac"]
[BlackTeam "SMEDEREVSKI SK - Smederevo"]

1. e4 c6 2. d4 d5 3. e5 Bf5 4. Nc3 e6 5. g4 Bg6 6. Nge2 h6 7. h4 Be7 8. h5 Bh7
9. Be3 b5 10. a3 Nd7 11. Ng3 Nb6 12. Bd3 Bxd3 13. cxd3 a5 14. O-O Kd7 15. Rc1
a4 16. Rc2 Bh4 17. Nce2 Ne7 18. Qd2 Rg8 19. f3 Kc7 20. Rfc1 Kb7 21. Kg2 Rc8 22.
Rh1 Bxg3 23. Nxg3 Nd7 24. b3 axb3 25. Rb2 Ra8 26. Rxb3 Ra4 27. Qb2 Qb6 28. Ne2
Kc7 29. Nc3 Ra5 30. a4 Rb8 31. Rb4 Nc8 32. Rc1 Na7 33. Rb1 Qa6 34. Kg3 Kd8 35.
f4 Qc8 36. g5 Kc7 37. axb5 Nxb5 38. Nxb5+ Rbxb5 39. Rxb5 Rxb5 40. Qxb5 cxb5 41.
Rc1+ Kd8 42. Rxc8+ Kxc8 43. gxh6 gxh6 44. f5 Kd8 45. f6 b4 46. Bxh6 b3 47. Bc1
Ke8 48. Ba3 Nf8 49. Kf3 Nh7 50. Ke2 Kd7 51. Kd2 Kc6 52. Kc3 Kb6 53. Bc1 Ka5 54.
Kxb3 Kb5 55. Bd2 Nf8 56. Ka3 Nh7 57. Bh6 Ka5 58. Bd2+ Kb5 59. Bb4 Ng5 60. Bc5
Nh7 *

[Event "Druga liga CS - Zapad 2018"]
[Site "?"]
[Date "2018.10.05"]
[Round "8.5"]
[White "Strakos, Dalibor"]
[Black "Tosic, Dragoljub"]
[Result "1/2-1/2"]
[WhiteElo "2193"]
[BlackElo "1834"]
[PlyCount "64"]
[EventDate "2018.09.07"]
[WhiteTeam "SMEDEREVSKI SK - Smederevo"]
[BlackTeam "KRUSEVAC - Krusevac"]

1. d4 Nf6 2. Nf3 g6 3. c3 Bg7 4. Bf4 d6 5. e3 O-O 6. h3 Ne4 7. Qb3 h6 8. Bd3 d5
9. Bxe4 dxe4 10. Nfd2 b6 11. Nxe4 Bb7 12. Nbd2 Nc6 13. f3 e5 14. Bg3 Kh7 15.
dxe5 Nxe5 16. Bxe5 Bxe5 17. O-O-O Qe7 18. Nc4 Bxe4 19. fxe4 Bg3 20. Rhf1 Qxe4
21. Rf3 Bh2 22. Rh1 Be5 23. Nxe5 Qxe5 24. Rxf7+ Kh8 25. Re1 Rad8 26. Qc4 Rxf7
27. Qxf7 Qd6 28. Qf2 Kg7 29. Rf1 Rd7 30. a3 c5 31. Qf4 Qd2+ 32. Kb1 Qd3+
1/2-1/2

[Event "Druga liga CS - Zapad 2018"]
[Site "?"]
[Date "2018.10.05"]
[Round "8.5"]
[White "Ristic, Dejan D"]
[Black "Isak, Igor G"]
[Result "1/2-1/2"]
[WhiteElo "1803"]
[BlackElo "2004"]
[PlyCount "117"]
[EventDate "2018.09.07"]
[WhiteTeam "KRUSEVAC - Krusevac"]
[BlackTeam "SMEDEREVSKI SK - Smederevo"]

1. c4 e5 2. Nc3 Nf6 3. g3 Nc6 4. Bg2 Bb4 5. Nd5 Bc5 6. e3 O-O 7. Ne2 Nxd5 8.
cxd5 Ne7 9. O-O d6 10. h3 Bd7 11. Kh2 Ng6 12. d4 Bb6 13. dxe5 Nxe5 14. b3 Qf6
15. Ba3 Qh6 16. Nf4 Bg4 17. f3 Bd7 18. e4 Rae8 19. Bb2 Bb5 20. Rh1 g5 21. Bxe5
Rxe5 22. Nd3 Ree8 23. a4 Bd7 24. Qd2 Qg7 25. Rac1 a5 26. f4 h6 27. f5 c6 28.
dxc6 Bxc6 29. Rhe1 Rd8 30. Qc3 Qxc3 31. Rxc3 Rfe8 32. h4 f6 33. Rcc1 Kg7 34.
Kh3 Re7 35. Nb2 Bc5 36. Rcd1 Bb4 37. Re2 Rde8 38. Nd3 Bc3 39. Rc2 Bd4 40. Rc4
Bb6 41. Nb2 Bc7 42. Rdd4 h5 43. hxg5 fxg5 44. b4 g4+ 45. Kh2 h4 46. e5 hxg3+
47. Kxg3 dxe5 48. Rxg4+ Kf6 49. Bxc6 e4+ 50. Kf2 bxc6 51. Rg6+ Kxf5 52. Rgxc6
Be5 53. R6c5 Rh8 54. Nd1 Rh2+ 55. Ke3 Rg7 56. Rxe5+ Kxe5 57. Rxe4+ Kd6 58. Kd3
axb4 59. Rxb4 1/2-1/2

[Event "Druga liga CS - Zapad 2018"]
[Site "?"]
[Date "2018.10.05"]
[Round "8.5"]
[White "Mijatovic, Pavle"]
[Black "Ackovic, Nemanja"]
[Result "1-0"]
[WhiteElo "2029"]
[BlackElo "1706"]
[PlyCount "99"]
[EventDate "2018.09.07"]
[WhiteTeam "SMEDEREVSKI SK - Smederevo"]
[BlackTeam "KRUSEVAC - Krusevac"]

1. e4 e5 2. Nf3 Nc6 3. Nc3 Bc5 4. Bc4 Nf6 5. d3 h6 6. Be3 Bb6 7. Qd2 d6 8.
O-O-O Be6 9. Bb3 Bxb3 10. axb3 Ng4 11. h3 Nxe3 12. fxe3 Qd7 13. Nd5 Ne7 14. d4
Nxd5 15. exd5 exd4 16. Nxd4 O-O-O 17. Rhf1 g6 18. Rf6 Rde8 19. Rdf1 Re7 20. c4
a5 21. Qf2 Rh7 22. Kc2 Qe8 23. Kd3 Kd7 24. Qf3 h5 25. h4 Kc8 26. e4 Bc5 27. Ra1
Bxd4 28. Kxd4 b6 29. b4 a4 30. b5 Kd7 31. Rxa4 Qb8 32. Qa3 Qh8 33. Qh3+ Re6 34.
dxe6+ Ke7 35. Qf3 fxe6 36. e5 dxe5+ 37. Kxe5 Rf7 38. Ra7 Qxf6+ 39. Qxf6+ Rxf6
40. Rxc7+ Kd8 41. Kxf6 Kxc7 42. Kxe6 g5 43. hxg5 h4 44. g6 h3 45. gxh3 Kb7 46.
g7 Ka7 47. g8=Q Kb7 48. Qf7+ Kc8 49. Kd6 Kb8 50. Kc6 1-0

[Event "Druga liga CS - Zapad 2018"]
[Site "?"]
[Date "2018.10.05"]
[Round "8.6"]
[White "Boskovic, Drasko"]
[Black "Kolognat, Petar"]
[Result "1-0"]
[WhiteElo "2441"]
[BlackElo "2329"]
[PlyCount "81"]
[EventDate "2018.09.07"]
[WhiteTeam "SLOBODA - Uzice"]
[BlackTeam "KRUPANJSKI SK - Krupanj"]

1. d4 Nf6 2. Bg5 d5 3. e3 c5 4. c3 Qb6 5. Qb3 e6 6. Nd2 Nc6 7. Ngf3 Bd6 8. dxc5
Qxc5 9. Bxf6 gxf6 10. e4 d4 11. cxd4 Nxd4 12. Nxd4 Qxd4 13. O-O-O Qxf2 14. Bb5+
Kf8 15. Rhf1 Qc5+ 16. Kb1 a6 17. Be2 Be7 18. Rc1 Qd4 19. Rfd1 b5 20. Qh3 h6 21.
Ka1 Kg7 22. Rc3 Kh7 23. Qh5 Kg7 24. Nc4 Qa7 25. Na5 Bd7 26. Rg3+ Kf8 27. Qg4
Ke8 28. Rgd3 Rd8 29. Qg7 Rf8 30. e5 fxe5 31. Bf3 Qc7 32. Nb7 Rc8 33. a3 Bc6 34.
Bxc6+ Qxc6 35. Nd6+ Bxd6 36. Rxd6 Qc7 37. Qxh6 b4 38. Rxe6+ fxe6 39. Qxe6+ Qe7
40. Qxc8+ Kf7 41. Rf1+ 1-0

[Event "Druga liga CS - Zapad 2018"]
[Site "?"]
[Date "2018.10.05"]
[Round "8.6"]
[White "Begus, Drasko"]
[Black "Misailovic, Nebojsa"]
[Result "1-0"]
[WhiteElo "2269"]
[BlackElo "2362"]
[PlyCount "121"]
[EventDate "2018.09.07"]
[WhiteTeam "KRUPANJSKI SK - Krupanj"]
[BlackTeam "SLOBODA - Uzice"]

1. d4 Nf6 2. g3 d5 3. Bg2 c5 4. Nf3 cxd4 5. O-O Nc6 6. Nxd4 e6 7. c4 Qb6 8. Nb5
a6 9. cxd5 exd5 10. N5c3 d4 11. Na4 Qa7 12. b3 Bd7 13. Bg5 Be7 14. Nd2 b5 15.
Nb2 O-O 16. Nd3 Rac8 17. Rc1 Qb6 18. Bxf6 Bxf6 19. Ne4 Be7 20. Qd2 a5 21. Nec5
Bf5 22. Qf4 g6 23. g4 Bxd3 24. Nxd3 Ba3 25. Qf6 Bxc1 26. Rxc1 b4 27. Rxc6 Rxc6
28. Bxc6 Re8 29. Qf3 Re7 30. Bd5 Kg7 31. Bc4 Qf6 32. Kg2 h6 33. h3 Rc7 34. Kg3
Re7 35. h4 Qb6 36. Kg2 Qd8 37. g5 Rc7 38. Ne5 hxg5 39. Nxf7 g4 40. Nxd8 gxf3+
41. Kxf3 Kf6 42. Ke4 Rh7 43. Nc6 Rxh4+ 44. Kd3 g5 45. f3 Rh1 46. Kxd4 Ra1 47.
Nxa5 Rxa2 48. Nc6 Rd2+ 49. Ke3 Rd1 50. Ke4 Rb1 51. Nxb4 Ke7 52. Kf5 Rg1 53.
Nd5+ Kd6 54. Nf6 Kc5 55. Ng4 Kd4 56. Kxg5 Ra1 57. f4 Ra5+ 58. f5 Ke4 59. Bd3+
Kd4 60. b4 Ra8 61. f6 1-0

[Event "Druga liga CS - Zapad 2018"]
[Site "?"]
[Date "2018.10.05"]
[Round "8.6"]
[White "Lekic, Dusan"]
[Black "Ljubinkovic, Miodrag"]
[Result "0-1"]
[WhiteElo "2363"]
[BlackElo "2222"]
[PlyCount "48"]
[EventDate "2018.09.07"]
[WhiteTeam "SLOBODA - Uzice"]
[BlackTeam "KRUPANJSKI SK - Krupanj"]

1. d4 d5 2. c4 c6 3. Nf3 Nf6 4. Nc3 e6 5. e3 Nbd7 6. Qc2 h6 7. Bd3 Bd6 8. O-O
O-O 9. e4 dxe4 10. Nxe4 Nxe4 11. Bxe4 Nf6 12. Bd3 b6 13. c5 Be7 14. Rd1 bxc5
15. dxc5 Qa5 16. Be3 Nd5 17. Bd4 Bf6 18. Ne5 Qc7 19. Qe2 Nf4 20. Qe4 Nxd3 21.
Rxd3 Ba6 22. Rg3 Rad8 23. Rc1 Rxd4 24. Qxd4 Bxe5 0-1

[Event "Druga liga CS - Zapad 2018"]
[Site "?"]
[Date "2018.10.05"]
[Round "8.6"]
[White "Nedeljkovic, Milivoje"]
[Black "Zivanic, Slobodan"]
[Result "0-1"]
[WhiteElo "2027"]
[BlackElo "2068"]
[PlyCount "95"]
[EventDate "2018.09.07"]
[WhiteTeam "KRUPANJSKI SK - Krupanj"]
[BlackTeam "SLOBODA - Uzice"]

1. e4 c5 2. c3 Nf6 3. e5 Nd5 4. d4 cxd4 5. Nf3 g6 6. Bc4 Nb6 7. Bxf7+ Kxf7 8.
Ng5+ Kg7 9. Qxd4 Nc6 10. Qe4 h6 11. Nf3 d5 12. Qf4 Qe8 13. O-O Qf7 14. Qg3 Kh7
15. Re1 Bg7 16. h3 e6 17. Na3 Bd7 18. Nc2 Ne7 19. Ncd4 Raf8 20. b3 Nf5 21. Nxf5
Qxf5 22. Be3 Nc8 23. Rad1 g5 24. Rd4 Be8 25. h4 Bh5 26. hxg5 Bxf3 27. gxf3 Bxe5
28. g6+ Qxg6 29. Qxg6+ Kxg6 30. Rg4+ Kf6 31. c4 dxc4 32. Rxc4 Rh7 33. f4 Bd6
34. Rec1 Nb6 35. Re4 Nd5 36. Re1 Nxe3 37. fxe3 a6 38. Kf2 Bc5 39. Rh1 Rd8 40.
Rc4 b6 41. Ke2 h5 42. e4 Rd4 43. Rxd4 Bxd4 44. Kf3 Bc5 45. Rh2 e5 46. f5 Bd4
47. Rc2 h4 48. Kg2 0-1